Litter from different sources influences the nutrient availability, biological and enzyme activity in the rubber growing soils in Kerala, India (Record no. 48679)

MARC details
000 -LEADER
fixed length control field 00748nam a2200181Ia 4500
100 ## - MAIN ENTRY--AUTHOR NAME
Personal name Jose G
245 #0 - TITLE STATEMENT
Title Litter from different sources influences the nutrient availability, biological and enzyme activity in the rubber growing soils in Kerala, India
260 ## - PUBLICATION, DISTRIBUTION, ETC. (IMPRINT)
Name of publisher PLACROSYM XXIII. Climate Resilient Technologies for Sustainability of Plantation Crops, 6-8 March 2019, Central Coffee Research Institute, Chikkamangaluru, Karnataka, India, Abstracts, p.66.
650 ## - SUBJECT ADDED ENTRY--TOPICAL TERM
Topical Term Hevea brasiliensis
650 ## - SUBJECT ADDED ENTRY--TOPICAL TERM
Topical Term Leguminous cover crops
650 ## - SUBJECT ADDED ENTRY--TOPICAL TERM
Topical Term Litter degradation
650 ## - SUBJECT ADDED ENTRY--TOPICAL TERM
Topical Term Microbial population
650 ## - SUBJECT ADDED ENTRY--TOPICAL TERM
Topical Term Mineralization
650 ## - SUBJECT ADDED ENTRY--TOPICAL TERM
Topical Term Soil enzymes
700 ## - ADDED ENTRY--PERSONAL NAME
Personal name Joseph M
942 ## - ADDED ENTRY ELEMENTS (KOHA)
Koha item type Bibliography STAF
Holdings
Withdrawn status Lost status Damaged status Not for loan Home library Current library Shelving location Date acquired Koha item type
      Bibliography RRII Library RRII Library Agronomy 01/01/2021 Bibliography STAF